| 000 | 00821nam a2200241Ia 4500 | ||
|---|---|---|---|
| 003 | OSt | ||
| 005 | 20240925094735.0 | ||
| 008 | 220927b |||||||| |||| 00| 0 hin d | ||
| 020 |
_cINR 7000.00 _a9788183303828 |
||
| 037 |
_b77, 06/03/2020, Kiran Book Service _cReference Collections |
||
| 040 |
_aSDCL _cSDCL _bhin |
||
| 041 |
_2hin _ahin |
||
| 082 | _aT:6k Q1.3 RR | ||
| 100 |
_aSharma, Anil _9485793 |
||
| 245 | 0 | _aSharirik shiksha vishvkosh. | |
| 260 |
_aNew Delhi : _bArjun Publishing House, _c2011. |
||
| 300 | _a175p. | ||
| 490 | _vVolume 3: Khel kaushal sambardhan ke sidhdhant. | ||
| 650 |
_aHindi _9391598 |
||
| 700 | _a Kumar Santosh | ||
| 942 |
_hT:6k Q1.3 RR _cREF _2CC |
||
| 999 |
_c799921 _d799921 |
||